[Event "DVM U14w 2013"]
[Site "Oberbernhards-Hilders GER"]
[Date "2013.12.28"]
[Round "3"]
[White "Poetsch, Leonore"]
[Black "Sadewasser, Lucie"]
[Result "1-0"]
[Termination "normal"]
[Board "7.1"]
[WhiteElo "1477"]
[BlackElo "1542"]
[WhiteTeam "SK Langen"]
[BlackTeam "TSG Gadebusch"]
[WhiteFideId "12940372"]
[BlackFideId "12905445"]
[EventCountry "GER"]
[EventRounds "7"]
[EventType "team-swiss"]
[EventDate "2013.12.26"]

1. e3 g6 2. d4 Bg7 3. c4 c5 4. d5 b5 5. cxb5 a6 6. Nc3 Nf6 7. d6 O-O 8. Nf3 Bb7
9. bxa6 Bxa6 10. dxe7 Qxe7 11. Be2 Bxe2 12. Qxe2 Nc6 13. O-O Rfb8 14. a3 d6 15.
Qd3 Nb4 16. Qd2 c4 17. Rb1 Nd3 18. Ne1 Nxe1 19. Rxe1 Ne4 20. Nxe4 Qxe4 21. Ra1
Qc6 22. Qc2 Qb5 23. Ra2 Ra6 24. Bd2 Qb3 25. Qxb3 cxb3 26. Raa1 Bxb2 27. Rab1
Bxa3 28. Kf1 Bc5 29. Bc3 Ra7 30. Re2 Rb6 31. Reb2 Ra3 32. Ke2 Ra2 33. Kd3 Rxb2
34. Bxb2 Kf8 35. Bd4 Ke7 36. Bxc5 dxc5 37. Kc4 Kd6 38. Rxb3 Rxb3 39. Kxb3 Kd5
40. Kc3 f5 41. f3 g5 42. h3 h5 43. h4 g4 44. Kd3 g3 45. Kc3 c4 46. Kc2 Kd6 47.
Kc3 Kc5 48. e4 f4 49. e5 Kd5 50. e6 Kxe6 51. Kxc4 Ke5 52. Kc5 Ke6 53. Kd4 Kf5
54. Kd5 Kf6 55. Ke4 Kg6 56. Kxf4 Kf6 57. Kxg3 Kf5 58. Kf2 Kf4 59. g3+ Kf5 60.
Ke3 Ke5 61. g4 hxg4 62. fxg4 Kf6 63. Kf4 Kg6 64. g5 Kg7 65. h5 Kh8 66. Kf5 Kh7
67. Kf6 Kg8 68. Kg6 1-0

[Event "DVM U14w 2013"]
[Site "Oberbernhards-Hilders GER"]
[Date "2013.12.28"]
[Round "3"]
[White "Dorendorf, Lena"]
[Black "Reinecke, Katharina"]
[Result "0-1"]
[Termination "normal"]
[Board "7.2"]
[WhiteElo "1160"]
[BlackElo "1583"]
[WhiteTeam "TSG Gadebusch"]
[BlackTeam "SK Langen"]
[WhiteFideId "12983373"]
[BlackFideId "12929727"]
[EventCountry "GER"]
[EventRounds "7"]
[EventType "team-swiss"]
[EventDate "2013.12.26"]

1. e4 c6 2. d4 d5 3. Nc3 dxe4 4. Nxe4 Bf5 5. Ng3 Bg6 6. Nf3 Nd7 7. Bc4 Ngf6 8.
O-O e6 9. Bf4 Be7 10. Re1 O-O 11. Qd2 Nd5 12. c3 b5 13. Bb3 a5 14. Bxd5 cxd5
15. a3 Qb6 16. Re2 b4 17. Re3 bxa3 18. bxa3 Rfc8 19. h3 Rc6 20. a4 Rac8 21. Ne2
Rc4 22. Ra2 Qc6 23. Ne1 Rxa4 24. Nc1 Nb6 25. Qd1 Rxa2 26. Nxa2 Nc4 27. Re2 Ra8
28. Nc1 a4 29. Ra2 a3 30. Qb3 Na5 31. Qd1 Qxc3 32. Ne2 Qc6 33. Nd3 Nc4 34. Bc1
Rb8 35. Nc3 Qb6 36. Kh1 Qxd4 37. Bf4 Ra8 38. Nb5 Qxd3 39. Qxd3 Bxd3 40. Nc7 Ra5
41. Kg1 Bd8 42. f3 e5 0-1

[Event "DVM U14w 2013"]
[Site "Oberbernhards-Hilders GER"]
[Date "2013.12.28"]
[Round "3"]
[White "Flach, Helene"]
[Black "Lübbert, Charline"]
[Result "0-1"]
[Termination "normal"]
[Board "7.3"]
[WhiteElo "1323"]
[BlackElo "1166"]
[WhiteTeam "SK Langen"]
[BlackTeam "TSG Gadebusch"]
[WhiteFideId "12929735"]
[BlackFideId "12983381"]
[EventCountry "GER"]
[EventRounds "7"]
[EventType "team-swiss"]
[EventDate "2013.12.26"]

1. e4 e5 2. Nf3 Nc6 3. Bc4 Nf6 4. d3 Bc5 5. Nc3 d6 6. Be3 Bb6 7. h3 Ne7 8. Qd2
Be6 9. Bb3 c5 10. Bc4 Ba5 11. O-O-O O-O 12. g4 a6 13. Ng5 Bd7 14. Qe1 b5 15.
Bb3 h6 16. Nxf7 Rxf7 17. Bxf7+ Kxf7 18. Bd2 Bxc3 19. Bxc3 b4 20. Bd2 a5 21. f4
Be6 22. Kb1 Kf8 23. g5 hxg5 24. fxg5 Nfg8 25. Rf1+ Ke8 26. Qh4 Kd7 27. Qh8 g6
28. Rf3 a4 29. Rdf1 Qb6 30. c4 bxc3 31. Bxc3 a3 32. b3 Bxb3 33. Kc1 Be6 34.
R3f2 Rb8 35. Kd2 Bxa2 36. Qh4 Be6 37. Re2 Nc6 38. Qg3 Nge7 39. Rh2 a2 40. Qe1
Qb1 41. Qf2 Nb4 42. Bxb4 Qxb4+ 43. Ke2 Qc3 0-1

[Event "DVM U14w 2013"]
[Site "Oberbernhards-Hilders GER"]
[Date "2013.12.28"]
[Round "3"]
[White "Schutrak, Svenja"]
[Black "Lehnert, Anna-Victoria"]
[Result "0-1"]
[Termination "normal"]
[Board "7.4"]
[WhiteElo "829"]
[BlackElo "1021"]
[WhiteTeam "TSG Gadebusch"]
[BlackTeam "SK Langen"]
[WhiteFideId "12983403"]
[BlackFideId "12957062"]
[EventCountry "GER"]
[EventRounds "7"]
[EventType "team-swiss"]
[EventDate "2013.12.26"]

1. e4 e5 2. Nf3 Nf6 3. Nc3 Nc6 4. Bb5 d6 5. d3 g6 6. Be3 Bg7 7. Qd2 O-O 8. Bh6
Be6 9. Ng5 Bxh6 10. h4 Nd4 11. Ba4 a6 12. h5 Nd7 13. Nxe6 Bxd2+ 14. Kxd2 fxe6
15. g4 g5 16. Rh2 Nf3+ 0-1

[Event "DVM U14w 2013"]
[Site "Oberbernhards-Hilders GER"]
[Date "2013.12.28"]
[Round "3"]
[White "Shvartsman, Kristina"]
[Black "Semenova, Alisa"]
[Result "0-1"]
[Termination "normal"]
[Board "8.1"]
[WhiteElo "1163"]
[BlackElo "1586"]
[WhiteTeam "SK Gräfelfing"]
[BlackTeam "SK Neumarkt"]
[WhiteFideId "12983438"]
[BlackFideId "1272132"]
[EventCountry "GER"]
[EventRounds "7"]
[EventType "team-swiss"]
[EventDate "2013.12.26"]

1. e4 c5 2. Nf3 Nc6 3. d4 cxd4 4. Nxd4 g6 5. Nc3 Bg7 6. Be3 Nf6 7. f3 Qb6 8.
Bb5 Nxe4 9. Bxc6 Nxc3 10. Bxd7+ Bxd7 11. bxc3 Qc7 12. Qd3 O-O 13. O-O Rfd8 14.
Qe2 Qxc3 15. Rad1 e6 16. Rd3 Qc7 17. Qd2 e5 18. Rc3 Qd6 19. Ne2 Qxd2 20. Bxd2
Bb5 21. Rd3 Bxd3 22. cxd3 Rxd3 23. Bg5 f6 24. Bh4 Rad8 25. Bf2 a6 26. h3 Rd2
27. Nc3 Rc2 28. Ne4 f5 29. Ng5 Bh6 30. h4 Rxa2 31. Rb1 b5 32. Re1 Rdd2 33. Nh3
Re2 34. Rd1 Red2 35. Re1 Rd5 36. Bb6 Rad2 37. Kf1 Rd1 38. Rxd1 Rxd1+ 39. Ke2
Rd5 40. Nf2 b4 41. Nd1 b3 42. Ke1 a5 43. Nc3 Bd2+ 0-1

[Event "DVM U14w 2013"]
[Site "Oberbernhards-Hilders GER"]
[Date "2013.12.28"]
[Round "3"]
[White "Schilay, Eva"]
[Black "Joebges, Julia"]
[Result "0-1"]
[Termination "normal"]
[Board "8.2"]
[WhiteElo "1232"]
[BlackElo "1281"]
[WhiteTeam "SK Neumarkt"]
[BlackTeam "SK Gräfelfing"]
[WhiteFideId "12930164"]
[BlackFideId "12983446"]
[EventCountry "GER"]
[EventRounds "7"]
[EventType "team-swiss"]
[EventDate "2013.12.26"]

1. Nc3 e5 2. Nf3 Nc6 3. d4 exd4 4. Nxd4 Bc5 5. Nxc6 bxc6 6. Bf4 Nf6 7. e3 d6 8.
Bc4 O-O 9. O-O Be6 10. Bb3 Qd7 11. h3 d5 12. Bg5 Be7 13. Bf4 c5 14. Be5 c6 15.
Qe2 c4 16. Ba4 Qb7 17. Rab1 Nd7 18. Bd4 c5 19. Bxd7 Qxd7 20. Be5 f6 21. Bg3
Rfd8 22. Rfe1 Qb7 23. Qf3 Qb6 24. Qe2 g6 25. Bf4 Kf7 26. Qd2 d4 27. exd4 cxd4
28. Ne4 Bb4 29. c3 dxc3 30. Qe3 cxb2 31. Re2 Qxe3 32. Rxe3 Rac8 33. Rxb2 c3 34.
Rc2 Bf5 35. g4 Bxe4 36. Rxe4 Ba5 37. Ra4 Bb6 38. Rb4 g5 39. Bg3 Rd2 40. Rc1 c2
41. Kg2 Rd1 42. Rxc2 Rxc2 43. a4 Rdd2 44. h4 Bxf2 45. Bxf2 Rxf2+ 46. Kg3 gxh4+
47. Kxh4 Rc3 48. g5 fxg5+ 49. Kxg5 Rg3+ 50. Kh4 Rfg2 51. Rf4+ Kg6 52. Rc4 Kf5
53. Rc5+ Ke4 0-1

[Event "DVM U14w 2013"]
[Site "Oberbernhards-Hilders GER"]
[Date "2013.12.28"]
[Round "3"]
[White "Held, Fabienne"]
[Black "Shvartsman, Julia"]
[Result "0-1"]
[Termination "normal"]
[Board "8.4"]
[WhiteElo "882"]
[BlackElo "911"]
[WhiteTeam "SK Neumarkt"]
[BlackTeam "SK Gräfelfing"]
[WhiteFideId "12964670"]
[BlackFideId "12983454"]
[EventCountry "GER"]
[EventRounds "7"]
[EventType "team-swiss"]
[EventDate "2013.12.26"]

1. e4 e5 2. Bc4 Nf6 3. Nc3 Bc5 4. d3 d6 5. Be3 Bb6 6. Nge2 Nc6 7. O-O Ng4 8.
Bxb6 axb6 9. h3 Nh6 10. Ng3 Nd4 11. Nb5 Nxb5 12. Bxb5+ c6 13. Bc4 b5 14. Bb3 b4
15. Qf3 c5 16. Nf5 Nxf5 17. exf5 O-O 18. Bd5 Ra7 19. Be4 b6 20. Qh5 Qf6 21.
Rfe1 Qh6 22. Qxh6 gxh6 23. Re3 Kh8 24. Rg3 Rg8 25. Rf3 Rd7 26. Re1 d5 27. Bxd5
Rxd5 28. Rfe3 Bxf5 29. Rf3 Be6 30. Rfe3 h5 31. Rxe5 Rxe5 32. Rxe5 Bxh3 33. g3
h4 34. Kh2 Bd7 35. gxh4 Rg4 36. Re3 Rxh4+ 37. Kg2 Rg4+ 38. Kf1 Rh4 39. Ke2 Bg4+
40. Kd2 Rh1 41. c3 bxc3+ 42. bxc3 Rd1+ 43. Kc2 Rf1 44. d4 Rxf2+ 45. Kd3 Bf5+
46. Kc4 Be6+ 47. d5 Rf4+ 48. Kb5 Bxd5 49. Kxb6 h5 50. Kxc5 Be6 51. Re2 Rf5+ 52.
Kb4 h4 53. Rh2 Rf4+ 54. Ka3 h3 55. Kb2 Rf6 56. Kc2 Rg6 57. Kd2 Rg2+ 58. Rxg2
hxg2 0-1

[Event "DVM U14w 2013"]
[Site "Oberbernhards-Hilders GER"]
[Date "2013.12.28"]
[Round "3"]
[White "Schneider, Xenia"]
[Black "Mütsch, Annmarie"]
[Result "1/2-1/2"]
[Termination "normal"]
[Board "9.1"]
[WhiteElo "1002"]
[BlackElo "1491"]
[WhiteTeam "SK Endingen"]
[BlackTeam "Karlsruher SF 1853"]
[WhiteFideId "12911984"]
[BlackFideId "12971367"]
[EventCountry "GER"]
[EventRounds "7"]
[EventType "team-swiss"]
[EventDate "2013.12.26"]

1. d4 d5 2. Nf3 Nf6 3. Nc3 a6 4. Bf4 e6 5. a3 c5 6. e3 Nc6 7. Be2 Bd7 8. b3
cxd4 9. exd4 Be7 10. O-O O-O 11. Bd3 Be8 12. Ne2 Bd6 13. Qd2 Qe7 14. Bxd6 Qxd6
15. h3 Bd7 16. Qe3 Na7 17. c4 dxc4 18. bxc4 Bc6 19. Ne5 Nd7 20. Nxc6 Nxc6 21.
Ng3 Qxd4 22. Qxd4 Nxd4 23. Rad1 e5 24. Rfe1 Rfe8 25. Nf5 Nxf5 26. Bxf5 Nb6 27.
c5 Nc4 28. a4 g6 29. Be4 Rab8 30. Rd7 Na5 31. Bd5 Rf8 32. Rxe5 Nc6 33. Bxc6
bxc6 34. Rc7 Rfc8 35. Ree7 Rxc7 36. Rxc7 Rb4 37. Rxc6 Rxa4 38. Rc8+ Kg7 39. Kh2
Kf6 40. Ra8 Ke5 41. Rd8 a5 42. c6 Rc4 43. Ra8 a4 44. c7 Rxc7 45. Rxa4 Rc2 46.
f3 Rc5 47. Re4+ Kf5 48. g4+ Kf6 49. Kg3 h6 50. Rf4+ Ke6 51. h4 g5 52. Ra4 f6
53. Ra6+ Ke5 54. Ra7 Rc3 55. Re7+ Kd6 56. Rh7 gxh4+ 57. Kxh4 Rxf3 58. Rxh6 Rf1
59. Kh5 Rh1+ 60. Kg6 Rxh6+ 61. Kxh6 Ke6 62. Kg6 Ke7 63. Kg7 Ke6 64. Kg6 Ke7 65.
Kf5 Kf7 66. Ke4 Ke6 67. Kf4 Ke7 68. Kf5 Kf7 1/2-1/2

[Event "DVM U14w 2013"]
[Site "Oberbernhards-Hilders GER"]
[Date "2013.12.28"]
[Round "3"]
[White "Bykov, Ilona"]
[Black "Wagner, Lena"]
[Result "1-0"]
[Termination "normal"]
[Board "9.2"]
[WhiteElo "1200"]
[BlackElo "883"]
[WhiteTeam "Karlsruher SF 1853"]
[BlackTeam "SK Endingen"]
[WhiteFideId "12964433"]
[BlackFideId "12983470"]
[EventCountry "GER"]
[EventRounds "7"]
[EventType "team-swiss"]
[EventDate "2013.12.26"]

1. e4 e5 2. Nf3 Nc6 3. Bc4 Bc5 4. c3 Bb6 5. d4 Nf6 6. Qd3 d5 7. exd5 Nxd5 8.
dxe5 Nf4 9. Bxf4 Qxd3 10. Bxd3 O-O 11. O-O Bg4 12. Nbd2 f6 13. Bc4+ Kh8 14. e6
Rfe8 15. Rfe1 Na5 16. e7 Nxc4 17. Nxc4 Bc5 18. Bxc7 Bxe7 19. Nd4 Kg8 20. Bd6
Kf8 21. Bxe7+ Rxe7 22. Rxe7 Kxe7 23. Re1+ Kf8 24. Nd6 Bh5 25. Nxb7 Rb8 26. Nc5
Rd8 27. Nce6+ Ke8 28. Nxd8+ Kxd8 29. Ne6+ Kd7 30. Nxg7 Bf7 31. a4 h5 32. Nf5
Be6 33. Ng3 h4 34. Ne4 Ke7 35. Nc5 Kf7 36. Rxe6 f5 37. b4 f4 38. b5 f3 39. g3
h3 40. a5 Kg7 41. b6 axb6 42. axb6 Kf7 43. b7 Kg7 44. b8=Q Kf7 45. Qc7+ Kf8 46.
Rf6+ Kg8 47. Qf7+ Kh8 48. Rh6# 1-0

[Event "DVM U14w 2013"]
[Site "Oberbernhards-Hilders GER"]
[Date "2013.12.28"]
[Round "3"]
[White "Wagner, Anna"]
[Black "Henke, Hanna"]
[Result "0-1"]
[Termination "normal"]
[Board "9.3"]
[WhiteElo "866"]
[BlackElo "1178"]
[WhiteTeam "SK Endingen"]
[BlackTeam "Karlsruher SF 1853"]
[WhiteFideId "12983489"]
[BlackFideId "12964441"]
[EventCountry "GER"]
[EventRounds "7"]
[EventType "team-swiss"]
[EventDate "2013.12.26"]

1. e4 e5 2. Nf3 Nc6 3. Nc3 Nf6 4. Bb5 Bc5 5. O-O d6 6. d3 Bg4 7. Be3 Bb6 8. h3
Bd7 9. Bxc6 Bxc6 10. Bxb6 axb6 11. b4 b5 12. d4 exd4 13. Nxd4 O-O 14. Ndxb5
Nxe4 15. Qe1 Re8 16. Qd1 Nxc3 17. Nxc3 Qg5 18. Qg4 Qf6 19. Rfe1 Qxc3 20. Red1
Qxc2 21. Re1 Qc3 22. Red1 Rad8 23. Qg3 Qxg3 24. fxg3 d5 25. Re1 d4 26. Red1 d3
27. Rab1 Ba4 28. Rd2 b6 29. Rc1 Re2 30. Rxe2 dxe2 31. Re1 Rd1 32. Kf2 Rxe1 33.
Kxe1 Bb5 34. a4 Bc4 35. g4 Kf8 36. h4 Ke7 37. g5 Ke6 38. g3 Kf5 39. Kf2 f6 40.
gxf6 Kxf6 41. b5 h6 42. Ke1 Kf5 43. Kf2 g5 44. hxg5 hxg5 45. Ke1 Ke4 46. Kf2
Kd3 47. Ke1 g4 48. a5 bxa5 49. Kf2 Kd2 50. Kg2 e1=Q 51. Kh2 Qf2+ 52. Kh1 Bd5#
0-1

[Event "DVM U14w 2013"]
[Site "Oberbernhards-Hilders GER"]
[Date "2013.12.28"]
[Round "3"]
[White "Ketterer, Beatrice"]
[Black "Reinbold, Sorah Marie"]
[Result "0-1"]
[Termination "normal"]
[Board "9.4"]
[WhiteElo "752"]
[BlackElo "754"]
[WhiteTeam "Karlsruher SF 1853"]
[BlackTeam "SK Endingen"]
[WhiteFideId "12983411"]
[BlackFideId "12983497"]
[EventCountry "GER"]
[EventRounds "7"]
[EventType "team-swiss"]
[EventDate "2013.12.26"]

1. e4 e5 2. Nf3 Nc6 3. Bc4 Bc5 4. Nc3 Nf6 5. d3 h6 6. O-O O-O 7. Nd5 Nd4 8.
Nxe5 d6 9. Nxf6+ Qxf6 10. Ng4 Qg6 11. c3 Bxg4 12. f3 Bh3 13. Qd2 Nxf3+ 14. Kh1
Nxd2 15. gxh3 Be3 16. Bxd2 Bxd2 17. d4 Qxe4+ 18. Kg1 Be3+ 19. Rf2 Qf4 20. Raf1
Bxf2+ 21. Rxf2 Qg5+ 22. Rg2 Qc1+ 23. Bf1 Rfe8 24. Kf2 Qd2+ 25. Kg1 Qd1 26. Kf2
Re1 27. Be2 Rxe2+ 28. Kf3 Rxg2+ 29. Kxg2 Re8 30. Kg3 Re4 31. a3 Qd3+ 32. Kg2
Re2+ 33. Kf1 Qd1# 0-1

[Event "DVM U14w 2013"]
[Site "Oberbernhards-Hilders GER"]
[Date "2013.12.28"]
[Round "3"]
[White "Voß, Henrike"]
[Black "Rösler, Hannah Clara"]
[Result "1-0"]
[Termination "normal"]
[Board "10.1"]
[WhiteElo "1244"]
[BlackElo "879"]
[WhiteTeam "SC Schachelschweine"]
[BlackTeam "SK Bebenhausen 1992"]
[WhiteFideId "12971910"]
[BlackFideId "12983500"]
[EventCountry "GER"]
[EventRounds "7"]
[EventType "team-swiss"]
[EventDate "2013.12.26"]

1. e4 e5 2. Nf3 Nc6 3. Bc4 Nf6 4. Ng5 d5 5. exd5 Na5 6. Bb5+ Bd7 7. Bxd7+ Qxd7
8. Nc3 h6 9. Nge4 Be7 10. Nxf6+ Bxf6 11. d3 c6 12. b4 e4 13. Bb2 b5 14. bxa5 b4
15. Na4 cxd5 16. Bxf6 gxf6 17. Nb2 Rc8 18. dxe4 O-O 19. O-O Rc5 20. Nd3 Rxa5
21. Nxb4 Qb7 22. Nxd5 Qc6 23. Ne7+ Kh7 24. Nxc6 Ra4 25. Qf3 Rg8 26. Qf5+ Rg6
27. Ne7 Ra6 28. Nxg6 fxg6 29. Qd7+ Kg8 30. Qc8+ Kf7 31. Qxa6 g5 32. Rfd1 Kg6
33. e5 Kh5 34. Qxf6 a6 35. Rd4 a5 36. g4+ Kh4 37. Qxh6# 1-0

[Event "DVM U14w 2013"]
[Site "Oberbernhards-Hilders GER"]
[Date "2013.12.28"]
[Round "3"]
[White "Truong, Lisa"]
[Black "Dobryden, Arina Sergeevna"]
[Result "1-0"]
[Termination "normal"]
[Board "10.3"]
[WhiteElo "1017"]
[BlackElo "800"]
[WhiteTeam "SC Schachelschweine"]
[BlackTeam "SK Bebenhausen 1992"]
[WhiteFideId "12983462"]
[BlackFideId "12983527"]
[EventCountry "GER"]
[EventRounds "7"]
[EventType "team-swiss"]
[EventDate "2013.12.26"]

1. e4 e5 2. Nf3 Nc6 3. Bc4 Nf6 4. d3 Bc5 5. Nc3 Ng4 6. O-O O-O 7. h3 Nf6 8. Bg5
d6 9. Nd5 Be6 10. Nxf6+ gxf6 11. Bh6 Re8 12. Nh4 f5 13. Nxf5 Bxc4 14. Qg4+ Qg5
15. Qxg5+ Kh8 16. Qg7# 1-0

[Event "DVM U14w 2013"]
[Site "Oberbernhards-Hilders GER"]
[Date "2013.12.28"]
[Round "3"]
[White "Hanser, Amelie"]
[Black "Christiansen, Sarah"]
[Result "0-1"]
[Termination "normal"]
[Board "10.4"]
[WhiteElo "800"]
[BlackElo "1085"]
[WhiteTeam "SK Bebenhausen 1992"]
[BlackTeam "SC Schachelschweine"]
[WhiteFideId "12983535"]
[BlackFideId "12971936"]
[EventCountry "GER"]
[EventRounds "7"]
[EventType "team-swiss"]
[EventDate "2013.12.26"]

1. e4 e5 2. Nf3 Nc6 3. Bc4 Nf6 4. Ng5 Bc5 5. Nxf7 Bxf2+ 6. Kxf2 Nxe4+ 7. Ke1
Qh4+ 8. g3 Nxg3 9. Nxh8 Nxh1+ 10. Ke2 Qf2+ 11. Kd3 Qd4+ 12. Ke2 d5 13. Qf1
Qxc4+ 14. d3 Qxc2+ 15. Ke3 d4+ 16. Ke4 Nf2+ 17. Kf3 Nxd3 18. Qg1 e4+ 19. Kxe4
Nxc1+ 20. Kf4 Ne2+ 21. Kf3 Nxg1+ 22. Kg3 Qd3+ 23. Kh4 Nf3+ 24. Kh5 Qf5# 0-1